000 00699nam a2200217 4500
003 OSt
005 20230824135314.0
008 708 R549v
040 _cLado V
082 _a767.2
_bR744o
100 _9975
_aRolando, Maruja
_eautora
245 _aObra Gráfica/
_b1923-1970/
260 _aCaracas
_bEditorial Arte
_c1980
300 _a14p.
_c23x20cm
650 _2Tesauro de Arte & Arquitectura
_aARTE
_9702
650 _2Tesauro de Arte & Arquitectura
_aAGUAFUERTE
_9702
650 _2Tesauro de Arte & Arquitectura
_aGRABADO
650 _2Tesauro de Arte & Arquitectura
_aARTE-VENEZUELA
650 _2Tesauro de Arte & Arquitectura
_aHONGOS
942 _2ddc
_c1
_h767.2
_iR744o
_n0
999 _c4220
_d4220